Faculty of Law Library — Cairo University

Official Online Catalog

مبدا الاختصاص القاصر لقانون القاضي بوصفه كذلك بحسبانه طريقة لفض تداخل مجالات انطباق القوانين / (Record no. 73464)

MARC details
000 -LEADER
fixed length control field 01544nam a2200313 i 4500
003 - CONTROL NUMBER IDENTIFIER
control field EG-GICUC
005 - DATE AND TIME OF LATEST TRANSACTION
control field 20260427063618.0
008 - FIXED-LENGTH DATA ELEMENTS--GENERAL INFORMATION
fixed length control field 260426s1994 ua |fr|||| 00| 0 ara d
040 ## - CATALOGING SOURCE
Original cataloging agency EG-GICUC
Language of cataloging ara
Transcribing agency EG-GICUC
Modifying agency EG-GICUC
Description conventions rda
041 #1 - LANGUAGE CODE
Language code of text/sound track or separate title ara
082 04 - DEWEY DECIMAL CLASSIFICATION NUMBER
Edition number 21
Classification number 341.851
Item number ع ن . م
092 04 - LOCALLY ASSIGNED DEWEY CALL NUMBER (OCLC)
Edition number 21
099 ## - LOCAL FREE-TEXT CALL NUMBER (OCLC)
Classification number Law1 11 341.851 ع ن . م 1994
100 0# - MAIN ENTRY--PERSONAL NAME
Personal name عنایت عبد الحميد ثابت
Relator term مؤلف.
245 10 - TITLE STATEMENT
Title مبدا الاختصاص القاصر لقانون القاضي بوصفه كذلك بحسبانه طريقة لفض تداخل مجالات انطباق القوانين /
Remainder of title ذي الطابع الدولي :
Statement of responsibility, etc. د. عنایت عبد الحميد ثابت.
264 #3 - PRODUCTION, PUBLICATION, DISTRIBUTION, MANUFACTURE, AND COPYRIGHT NOTICE
Place of production, publication, distribution, manufacture القاهرة :
Name of producer, publisher, distributor, manufacturer مطبعة جامعة القاهرة والكتاب الجامعي،
Date of production, publication, distribution, manufacture, or copyright notice 1994.
300 ## - PHYSICAL DESCRIPTION
Extent 27 صفحة،
Dimensions 24 سم
336 ## - CONTENT TYPE
Source rda content
Content type term text
337 ## - MEDIA TYPE
Source rda media
Media type term Computer
338 ## - CARRIER TYPE
Source rda carrier
Carrier type term Online Resource
500 ## - GENERAL NOTE
General note مستلة مستخردة من مجلة القانون والاقتصاد<br/>للبحوث القانونية والاقتصادية العدد الواحد والستون<br/>السنة 1991
504 ## - BIBLIOGRAPHY, ETC. NOTE
Bibliography, etc. note يشتمل على إرجاعات ببليوجرافية.<br/><br/>
546 ## - LANGUAGE NOTE
Language note النص باللغة العربية
590 ## - LOCAL NOTE (RLIN)
Local note إهداء مكتبة الأستاذ الدكتور صلاح عامر
650 14 - SUBJECT ADDED ENTRY--TOPICAL TERM
Topical term or geographic name entry element القانون الدولي العام
856 40 - ELECTRONIC LOCATION AND ACCESS
Uniform Resource Identifier <a href="https://fll.law.cu.edu.eg/fulltext/bks/B12-02929.pdf">https://fll.law.cu.edu.eg/fulltext/bks/B12-02929.pdf</a>
905 ## - Cataloger and Reviser Names
Cataloger Name: Basma Mohamed
942 ## - ADDED ENTRY ELEMENTS (KOHA)
Source of classification or shelving scheme Dewey Decimal Classification
Koha item type Books
Edition 21
Suppress in OPAC No
Holdings
Withdrawn status Lost status Source of classification or shelving scheme Damaged status Not for loan Collection Home library Current library Date acquired Source of acquisition Total checkouts Full call number Barcode Date last seen Copy number Price effective from Koha item type
    Dewey Decimal Classification   Not for loan القانون الدولي العام جــــامعة القــاهرة مكتبة كلية الحقوق - المبنى الرئيسي 26.04.2026 إهداء مكتبة الأستاذ الدكتور صلاح عامر   Law1 12 341.851 ع ن . م 1994 1202929 C1 B12-02929 26.04.2026 1 26.04.2026 Books

© All rights reserved — Faculty of Law, Cairo University